000
00264nam a22001097a 4500
082
_a
669 PRO'G
100
_a
GATOS, HARRY C
_9
58383
245
_a
PROPERTIES OF ELEMENTAL AND COMPOUND SEMICONDUCTORS
250
_a
VOL-5
260
_a
NEWYORK
_b
IP
_c
1960
942
_c
BK
999
_c
568583
_d
568583